Macreconomía internacional (Registro nro. 1230)

Detalles MARC
000 -LEADER
fixed length control field 01535 a2200253 4500
001 - CONTROL NUMBER
control field 24880
005 - DATE AND TIME OF LATEST TRANSACTION
control field 20260407155531.0
008 - FIXED-LENGTH DATA ELEMENTS--GENERAL INFORMATION
fixed length control field 260407a2012 arg spa d
003 - CONTROL NUMBER IDENTIFIER
control field AR-UNSa-BCEJYS
040 ## - CATALOGING SOURCE
Original cataloging agency AR-UNSa-BCEJYS
Language of cataloging spa
Transcribing agency AR-UNSa-BCEJYS
080 ## - UNIVERSAL DECIMAL CLASSIFICATION NUMBER
Universal Decimal Classification number 339.9
Common auxiliary subdivision Economía internacional en general. Relaciones económicas internacionales. Economía mundial
020 ## - INTERNATIONAL STANDARD BOOK NUMBER
International Standard Book Number 978-84-291-2649-5
041 ## - LANGUAGE CODE
Language code of text/sound track or separate title spa
100 1# - MAIN ENTRY--PERSONAL NAME
Personal name Feenstra, Robert C.
245 10 - TITLE STATEMENT
Title Macreconomía internacional
250 ## - EDITION STATEMENT
Edition statement 2a. ed. original
264 #1 - PRODUCTION, PUBLICATION, DISTRIBUTION, MANUFACTURE, AND COPYRIGHT NOTICE
Place of production, publication, distribution, manufacture Barcelona :
Name of producer, publisher, distributor, manufacturer Reverté
Date of production, publication, distribution, manufacture, or copyright notice 2012
300 ## - PHYSICAL DESCRIPTION
Extent xxx, 508 p.
Dimensions 28 cm.
505 ## - FORMATTED CONTENTS NOTE
Formatted contents note Parte I : Introducción a la macreconomía internacional : 1. La macreconomía global - Parte II : Tiempos de cambio : 2. Introducción a los tipos de cambio y al mercado de divisas - 3. Tipos de cambio (I): el enfoque monetario a largo plazo - 4. Tipos de cambio (II): el enfoque de activos a corto plazo - Parte III : Balanza de pagos : 5. Cuentas nacionales e internacionales : renta, riqueza y balanza de pagos - 6. financiera - 7. La balanza de pagos(II) : Producción, tipos de cambio y políticas macroeconómicas a corto plazo - Parte 4 : Aplicaciones políticas : 8. Tipos de cambio fijo y flexibles : la experiencia moentaria internacional - 9. Crisis cambiaria : funcionamiento y ruptura de un tipo de cambio fijo - 10. El euro - 11. Temas en macreconomía internacional.
590 ## - LOCAL NOTE (RLIN)
Local note niveau_biblio:m niveau_hierar:0
700 1# - ADDED ENTRY--PERSONAL NAME
Personal name Taylor, Alan M.
700 1# - ADDED ENTRY--PERSONAL NAME
Personal name Vera Grijalba, Joaquín
942 ## - ADDED ENTRY ELEMENTS (KOHA)
Koha item type
Existencias
Withdrawn status Lost status Damaged status Not for loan Home library Current library Shelving location Date acquired Total checkouts Full call number Barcode Date last seen Price effective from Koha item type Public note
        Biblioteca Prof. Eusebio Cleto del Rey Biblioteca Prof. Eusebio Cleto del Rey   07/04/2026   339.9 F295m 2ed. L119739 07/04/2026 07/04/2026 Libro  
        Biblioteca Prof. Eusebio Cleto del Rey Biblioteca Prof. Eusebio Cleto del Rey   07/04/2026   339.9 F295m 2ed. L119740 07/04/2026 07/04/2026 Libro  
        Biblioteca Prof. Eusebio Cleto del Rey Biblioteca Prof. Eusebio Cleto del Rey   07/04/2026   339.9 F295m 2ed. L119741 07/04/2026 07/04/2026 Libro CONTRATAPA DESPEGADA
        Biblioteca Prof. Eusebio Cleto del Rey Biblioteca Prof. Eusebio Cleto del Rey   07/04/2026   339.9 F295m 2ed. L126684 07/04/2026 07/04/2026 Libro LÁPIZ LEVE -
        Biblioteca Prof. Eusebio Cleto del Rey Biblioteca Prof. Eusebio Cleto del Rey   07/04/2026   339.9 F295m 2ed. L126685 07/04/2026 07/04/2026 Libro CANTO MANCHADO -
        Biblioteca Prof. Eusebio Cleto del Rey Biblioteca Prof. Eusebio Cleto del Rey   07/04/2026   339.9 F295m 2ed. L126686 07/04/2026 07/04/2026 Libro ALGUNAS PÁG. RAYADAS C/ LÁPIZ - CANTO LATERAL MANCHA ROSADA LEVE